| 000 | 00282 a2200097 4500 | ||
|---|---|---|---|
| 001 | 37873 | ||
| 100 | _aRamo S | ||
| 245 | _aDynamic Modelling of gas turbines: Identification,Simulation,condition Monitoring and optimal control | ||
| 260 |
_aUSA _bSpringer _c |
||
| 090 |
_c24066 _d24066 |
||
| 942 |
_aNUST-CAE _cM _c15632 |
||
| 999 |
_c272946 _d272946 |
||